[Event "Mittelrhein Regionalliga 18/19"]
[Site "Nordrheinwestfalen"]
[Date "2018.12.16"]
[Round "5.6"]
[White "Dietz, Jonas"]
[Black "Pejkovic, Patrick Slavko"]
[Result "0-1"]
[WhiteElo "1890"]
[BlackElo "2061"]
[PlyCount "108"]
[EventDate "2018.10.28"]
[EventType "team-tourn"]
[EventRounds "11"]
[EventCountry "GER"]
[SourceTitle "EXT 2022"]
[Source "ChessBase"]
[SourceDate "2021.10.06"]
[SourceVersion "1"]
[SourceVersionDate "2021.10.06"]
[SourceQuality "1"]
[WhiteTeam "Wuerselen"]
[BlackTeam "Langenfeld"]
[WhiteTeamCountry "GER"]
[BlackTeamCountry "GER"]

1. b3 e5 2. Bb2 Nc6 3. e3 d6 4. Bb5 a6 5. Bxc6+ bxc6 6. Ne2 f5 7. 0-0 Nf6 8. d3 Be7 9. f4 e4 10. dxe4 fxe4 11. c4 0-0 12. Nbc3 Qe8 13. h3 Qg6 14. Kh2 Qh6 15. Qd2 Bd7 16. Ng3 Qg6 17. Qd4 c5 18. Qd2 Rae8 19. Nd5 Bd8 20. Rad1 Bc6 21. Bxf6 Rxf6 22. Nxf6+ Bxf6 23. Qa5 Qf7 24. Qxa6 Qd7 25. Qa5 Ra8 26. Qd2 Ra3 27. Qc2 Qe8 28. Rd2 Qg6 29. Ne2 Ra8 30. Nc3 Rf8 31. Nd5 Bd8 32. a4 h5 33. Qd1 Bd7 34. Qe1 h4 35. g3 hxg3+ 36. Qxg3 Qh6 37. Rg1 Rf7 38. Kh1 Bf5 39. a5 c6 40. Nb6 Ra7 41. Kh2 Qe6 42. b4 cxb4 43. c5 d5 44. Rb2 Bf6 45. Rxb4 Rxa5 46. Ra4 Rxa4 47. Nxa4 d4 48. Nb6 d3 49. Qe1 Bxh3 50. Qb4 Bg4 51. Nc4 Qf5 52. Rg3 Qh5+ 53. Kg2 Bf3+ 54. Rxf3 exf3+ 0-1

[Event "Mittelrhein Regionalliga 18/19"]
[Site "Nordrheinwestfalen"]
[Date "2018.10.28"]
[Round "3.5"]
[White "Pejkovic, Patrick Slavko"]
[Black "Reinhard, Marcus"]
[Result "1-0"]
[WhiteElo "2061"]
[BlackElo "1946"]
[PlyCount "49"]
[EventDate "2018.10.28"]
[EventType "team-tourn"]
[EventRounds "11"]
[EventCountry "GER"]
[SourceTitle "EXT 2022"]
[Source "ChessBase"]
[SourceDate "2021.10.06"]
[SourceVersion "1"]
[SourceVersionDate "2021.10.06"]
[SourceQuality "1"]
[WhiteTeam "Langenfeld"]
[BlackTeam "Alsdorf SVG"]
[WhiteTeamCountry "GER"]
[BlackTeamCountry "GER"]

1. e4 c5 2. Nc3 e6 3. Nf3 a6 4. b3 Nc6 5. Bb2 Qc7 6. a4 Nf6 7. Bc4 Bd6 8. Qe2 0-0 9. a5 Ne5 10. Na4 Nxf3+ 11. Qxf3 Be5 12. c3 d5 13. exd5 exd5 14. Nb6 dxc4 15. Nxa8 Qe7 16. Qe2 Bf5 17. f4 Bd3 18. Qxe5 Qd8 19. Nc7 Ng4 20. Qxc5 Re8+ 21. Nxe8 Qxe8+ 22. Kd1 cxb3 23. h3 Nf6 24. Qe3 Ne4 25. Kc1 1-0

[Event "Mittelrhein Verbandsliga-N 17/18"]
[Site "Nordrheinwestfalen"]
[Date "2017.12.03"]
[Round "5.1"]
[White "Marcks, Martin"]
[Black "Pejkovic, Patrick Slavko"]
[Result "0-1"]
[WhiteElo "2037"]
[BlackElo "2030"]
[PlyCount "80"]
[EventDate "2017.09.10"]
[EventType "team-swiss"]
[EventRounds "11"]
[EventCountry "GER"]
[SourceTitle "EXT 2022"]
[Source "ChessBase"]
[SourceDate "2021.10.06"]
[SourceVersion "1"]
[SourceVersionDate "2021.10.06"]
[SourceQuality "1"]
[WhiteTeam "Rheinpark BSG"]
[BlackTeam "Langenfeld II"]
[WhiteTeamCountry "GER"]
[BlackTeamCountry "GER"]

1. e4 e5 2. Nf3 d6 3. Bc4 Be7 4. d3 Nf6 5. 0-0 0-0 6. Nbd2 c6 7. Bb3 Nbd7 8. c3 b5 9. a4 a5 10. Re1 Nc5 11. Bc2 Nxa4 12. Bxa4 bxa4 13. Qxa4 Bd7 14. Nc4 c5 15. Qc2 a4 16. Bg5 Qb8 17. Nh4 Nd5 18. Bxe7 Nxe7 19. Qd2 f6 20. d4 cxd4 21. cxd4 Be6 22. d5 Bd7 23. Ra3 Rc8 24. Rc3 Qb4 25. Rec1 Rxc4 26. Nf3 Rxc3 27. Rxc3 Rb8 28. h4 Bg4 29. Nxe5 Qxe4 30. Nxg4 Qxg4 31. Rc7 Ng6 32. f3 Qg3 33. Qc3 Nxh4 34. Rc8+ Rxc8 35. Qxc8+ Kf7 36. Qe6+ Kf8 37. Qc8+ Kf7 38. Qe6+ Kg6 39. Qe4+ Kh6 40. Qe2 Nxf3+ 0-1

[Event "Mittelrhein Verbandsliga-M 16/17"]
[Site "Nordrheinwestfalen"]
[Date "2016.10.23"]
[Round "3.2"]
[White "Tuerk, Philipp"]
[Black "Pejkovic, Patrick Slavko"]
[Result "0-1"]
[WhiteElo "2078"]
[BlackElo "2016"]
[PlyCount "46"]
[EventDate "2016.09.11"]
[EventType "team-tourn"]
[EventRounds "11"]
[EventCountry "GER"]
[SourceTitle "EXT 2022"]
[Source "ChessBase"]
[SourceDate "2021.10.06"]
[SourceVersion "1"]
[SourceVersionDate "2021.10.06"]
[SourceQuality "1"]
[WhiteTeam "Gruenfeld"]
[BlackTeam "Langenfeld II"]
[WhiteTeamCountry "GER"]
[BlackTeamCountry "GER"]

1. e4 e5 2. Nf3 Nc6 3. Bc4 Bc5 4. b4 Bxb4 5. c3 Ba5 6. d4 exd4 7. Qb3 Qf6 8. 0-0 Nge7 9. cxd4 0-0 10. e5 Qf5 11. Bd3 Qh5 12. Ba3 Re8 13. Nc3 Bb6 14. Ne2 Nf5 15. Qa4 d5 16. Bc1 Nh4 17. Ng3 Nxf3+ 18. gxf3 Qh4 19. f4 Bxd4 20. Rb1 Bh3 21. Rxb7 Bxf1 22. Bxf1 Nxe5 23. Bg2 Ng4 0-1

[Event "Mittelrhein Verbandsliga-M 15/16"]
[Site "Nordrheinwestfalen"]
[Date "2015.11.15"]
[Round "4.3"]
[White "Pejkovic, Patrick Slavko"]
[Black "Hermann, Waldemar"]
[Result "0-1"]
[WhiteElo "2049"]
[BlackElo "1979"]
[PlyCount "156"]
[EventDate "2015.09.06"]
[EventType "team-tourn"]
[EventRounds "11"]
[EventCountry "GER"]
[SourceTitle "EXT 2022"]
[Source "ChessBase"]
[SourceDate "2021.10.06"]
[SourceVersion "1"]
[SourceVersionDate "2021.10.06"]
[SourceQuality "1"]
[WhiteTeam "Langenfeld II"]
[BlackTeam "Koeln Muelheim"]
[WhiteTeamCountry "GER"]
[BlackTeamCountry "GER"]

1. e4 c5 2. b3 Nc6 3. Bb2 e5 4. Nc3 Nf6 5. Nf3 d6 6. Bb5 Bd7 7. Bxc6 Bxc6 8. Qe2 a6 9. 0-0-0 b5 10. Nd5 Nxd5 11. exd5 Bxd5 12. d4 cxd4 13. Nxd4 Bb7 14. f4 e4 15. Nf5 f6 16. Nd4 Qd7 17. f5 0-0-0 18. Kb1 Re8 19. c4 bxc4 20. Qxc4+ Kb8 21. Ne6 Rc8 22. Qd4 Be7 23. Nc5 Qxf5 24. Nxb7 Kxb7 25. Rhe1 Rhe8 26. Qb4+ Ka8 27. Qxe4+ Qxe4+ 28. Rxe4 Bf8 29. Rde1 Rxe4 30. Rxe4 Kb7 31. Rb4+ Kc6 32. Kc2 d5 33. Rh4 h6 34. Kd3 Bd6 35. Rg4 Rc7 36. Ra4 Ra7 37. h3 Be5 38. Bc1 h5 39. Be3 Ra8 40. Ra5 Bc7 41. Rc5+ Kd6 42. Rc2 g5 43. Bc5+ Ke6 44. Bd4 Be5 45. Rc6+ Kf5 46. Rc5 Rd8 47. Ra5 Rd6 48. Bc5 Rc6 49. Bb4 Ke6 50. Bd2 g4 51. hxg4 hxg4 52. Ra4 f5 53. Rb4 Bd6 54. Rb7 Be5 55. Rh7 d4 56. Rh6+ Kd5 57. Rh5 Rf6 58. Rg5 g3 59. Rg8 f4 60. Rd8+ Bd6 61. Bb4 Ke5 62. Bd2 Rg6 63. Ke2 Ke4 64. Re8+ Be5 65. Ba5 Rc6 66. Kd1 d3 67. Bd2 Kf5 68. Be1 Rc2 69. Rf8+ Ke4 70. Re8 Re2 71. a4 Kd5 72. Rd8+ Ke4 73. Re8 Rc2 74. Bd2 Rc5 75. Bb4 Rd5 76. Bd2 f3 77. gxf3+ Kxf3 78. Rf8+ Kg2 0-1

[Event "Mittelrhein Verbandsliga Ost 1415"]
[Site "Mittelrhein"]
[Date "2014.10.19"]
[Round "3.2"]
[White "Lommen, Frank"]
[Black "Pejkovic, Patrick Slavko"]
[Result "1/2-1/2"]
[WhiteElo "2011"]
[BlackElo "2030"]
[PlyCount "41"]
[EventDate "2014.09.07"]
[EventType "team-tourn"]
[EventRounds "11"]
[EventCountry "GER"]
[SourceTitle "EXT 2023"]
[Source "ChessBase"]
[SourceDate "2022.10.05"]
[SourceVersion "1"]
[SourceVersionDate "2022.10.05"]
[SourceQuality "1"]
[WhiteTeam "Koeln Lasker II"]
[BlackTeam "Langenfeld II"]
[WhiteTeamCountry "GER"]
[BlackTeamCountry "GER"]

1. Nf3 d5 2. g3 Bg4 3. Bg2 Nc6 4. c4 dxc4 5. Qa4 Qd7 6. 0-0 Bh3 7. Bxh3 Qxh3 8. Ne5 Qe6 9. Nxc6 Qxc6 10. Qxc6+ bxc6 11. Na3 e6 12. Nxc4 Bd6 13. b3 Ne7 14. Bb2 f6 15. d4 f5 16. Rac1 Kd7 17. e3 h5 18. f3 h4 19. Kg2 Rh6 20. Rh1 Rg6 21. f4 1/2-1/2

[Event "Regionalliga Mittelrhein 1213"]
[Site "Germany"]
[Date "2013.03.03"]
[Round "8.8"]
[White "Pejkovic, Patrick Slavko"]
[Black "Rieber, Ingo"]
[Result "1-0"]
[WhiteElo "2015"]
[BlackElo "1852"]
[PlyCount "55"]
[EventDate "2012.09.09"]
[EventType "team"]
[EventRounds "11"]
[EventCountry "GER"]
[SourceTitle "EXT 2015"]
[Source "ChessBase"]
[SourceDate "2014.11.20"]
[SourceVersion "1"]
[SourceVersionDate "2014.11.20"]
[SourceQuality "1"]
[WhiteTeam "Langenfeld II"]
[BlackTeam "Bruehl"]
[WhiteTeamCountry "GER"]
[BlackTeamCountry "GER"]

1. e4 c5 2. Nc3 Nc6 3. Bb5 g6 4. d3 Bg7 5. f4 Qb6 6. Nd5 Qd8 7. c4 e6 8. Bxc6 bxc6 9. Nc3 Ne7 10. Nf3 0-0 11. 0-0 d5 12. Qc2 a5 13. Na4 Ba6 14. Rb1 Qc7 15. Be3 d4 16. Bc1 Qa7 17. b3 Rfb8 18. Ba3 Rb4 19. Qf2 Rf8 20. Qh4 h6 21. Rbd1 Nc8 22. Ne5 Ne7 23. Bxb4 axb4 24. Ng4 Kh7 25. Nf6+ Kh8 26. g4 Ng8 27. e5 Qe7 28. g5 1-0

[Event "Mittelrhein-chT 1112"]
[Site "Germany"]
[Date "2012.05.20"]
[Round "13.8"]
[White "Pejkovic, Patrick Slavko"]
[Black "Guelsen, Taylan"]
[Result "0-1"]
[WhiteElo "1998"]
[BlackElo "1918"]
[PlyCount "52"]
[EventDate "2011.09.11"]
[EventType "team-tourn"]
[EventRounds "13"]
[EventCountry "GER"]
[SourceTitle "EXT 2013"]
[Source "ChessBase"]
[SourceDate "2012.11.22"]
[SourceVersion "1"]
[SourceVersionDate "2012.11.22"]
[SourceQuality "1"]
[WhiteTeam "Langenfeld II"]
[BlackTeam "Niederkassel"]
[WhiteTeamCountry "GER"]
[BlackTeamCountry "GER"]

1. e4 c5 2. Nc3 d6 3. f4 g6 4. Nf3 Bg7 5. Bc4 Nc6 6. 0-0 e6 7. d3 Nge7 8. Qe1 0-0 9. f5 d5 10. Bb3 c4 11. f6 Bxf6 12. e5 Bg7 13. dxc4 dxc4 14. Bxc4 Nd4 15. Bd3 Nxf3+ 16. Rxf3 Qd4+ 17. Be3 Qxe5 18. Qf2 Nd5 19. Bc5 Nxc3 20. Bxf8 Bxf8 21. Qh4 Nd5 22. Raf1 f5 23. Qa4 Nf6 24. Qb3 b6 25. Bxf5 Bc5+ 26. Kh1 Bd6 0-1

[Event "Mittelrhein Verbandsliga-M 1112"]
[Site "Germany"]
[Date "2011.12.11"]
[Round "4.1"]
[White "Pejkovic, Patrick Slavko"]
[Black "Meertens, Martin"]
[Result "0-1"]
[WhiteElo "2014"]
[BlackElo "2111"]
[PlyCount "76"]
[EventDate "2011.09.18"]
[EventType "team-tourn"]
[EventRounds "11"]
[EventCountry "GER"]
[SourceTitle "EXT 2013"]
[Source "ChessBase"]
[SourceDate "2012.11.22"]
[SourceVersion "1"]
[SourceVersionDate "2012.11.22"]
[SourceQuality "1"]
[WhiteTeam "Langenfeld III"]
[BlackTeam "Koeln SF II"]
[WhiteTeamCountry "GER"]
[BlackTeamCountry "GER"]

1. e4 c5 2. Nc3 Nc6 3. Bb5 Nd4 4. Bc4 g6 5. f4 Bg7 6. Nf3 e6 7. 0-0 Ne7 8. d3 d5 9. Bb3 0-0 10. Nxd4 cxd4 11. Ne2 b5 12. e5 Qb6 13. Qe1 f6 14. Ng3 fxe5 15. fxe5 Rxf1+ 16. Nxf1 Qc7 17. Bf4 Nc6 18. Nd2 Bxe5 19. Bxe5 Qxe5 20. Nf3 Qxe1+ 21. Rxe1 h6 22. c3 dxc3 23. bxc3 Kg7 24. c4 bxc4 25. dxc4 dxc4 26. Bxc4 Rb8 27. Bb3 Kf6 28. Rc1 Rb6 29. Nd2 Ba6 30. Ne4+ Ke5 31. Nc5 Nd4 32. Re1+ Kf5 33. Ba4 Bb5 34. Bxb5 Rxb5 35. Ne4 Rb2 36. Nc3 e5 37. h3 Rc2 38. Re3 Rxc3 0-1

[Event "Mittelrhein Verbandsliga-M 1112"]
[Site "Germany"]
[Date "2011.11.13"]
[Round "3.1"]
[White "Pejkovic, Patrick Slavko"]
[Black "Kocur, Alois"]
[Result "1/2-1/2"]
[WhiteElo "2014"]
[BlackElo "2191"]
[PlyCount "26"]
[EventDate "2011.09.18"]
[EventType "team-tourn"]
[EventRounds "11"]
[EventCountry "GER"]
[SourceTitle "EXT 2013"]
[Source "ChessBase"]
[SourceDate "2012.11.22"]
[SourceVersion "1"]
[SourceVersionDate "2012.11.22"]
[SourceQuality "1"]
[WhiteTeam "Langenfeld III"]
[BlackTeam "Hitdorf SV Springer"]
[WhiteTeamCountry "GER"]
[BlackTeamCountry "GER"]

1. e4 d5 2. exd5 Qxd5 3. Nc3 Qd6 4. d4 Nf6 5. Nb5 Qb6 6. c4 c6 7. Nc3 Bg4 8. Be2 Bxe2 9. Ngxe2 Nbd7 10. Bf4 e6 11. h3 Be7 12. 0-0 0-0 13. Re1 Rfe8 1/2-1/2

[Event "Leverkusen Bayer op 9th"]
[Site "Leverkusen"]
[Date "2011.01.10"]
[Round "1"]
[White "Pejkovic, Patrick Slavko"]
[Black "Winzer, Michael"]
[Result "1-0"]
[WhiteElo "1991"]
[BlackElo "1666"]
[PlyCount "45"]
[EventDate "2011.01.10"]
[EventType "swiss"]
[EventRounds "7"]
[EventCountry "GER"]
[SourceTitle "EXT 2012"]
[Source "ChessBase"]
[SourceDate "2011.11.24"]
[SourceVersion "1"]
[SourceVersionDate "2011.11.24"]
[SourceQuality "1"]

1. e4 c5 2. Nc3 Nc6 3. Bc4 e6 4. d3 g6 5. f4 Bg7 6. Nf3 Nge7 7. 0-0 0-0 8. f5 d5 9. Bb3 Nd4 10. fxg6 fxg6 11. Nxd4 Bxd4+ 12. Kh1 c4 13. Rxf8+ Qxf8 14. dxc4 Bxc3 15. bxc3 dxe4 16. Ba3 Qe8 17. Qd4 Nc6 18. Qxe4 b6 19. c5 Rb8 20. cxb6 Rxb6 21. Rf1 Ne7 22. Bc5 Qb5 23. Qf3 1-0

[Event "Leverkusen-ch op"]
[Site "Leverkusen"]
[Date "2010.03.08"]
[Round "4"]
[White "Pejkovic, Patrick Slavko"]
[Black "Lessing, Sebastian"]
[Result "1-0"]
[WhiteElo "1986"]
[BlackElo "1567"]
[PlyCount "79"]
[EventDate "2010.01.18"]
[EventType "swiss"]
[EventRounds "7"]
[EventCountry "GER"]
[SourceTitle "EXT 2011"]
[Source "ChessBase"]
[SourceDate "2010.11.26"]
[SourceVersion "1"]
[SourceVersionDate "2010.11.26"]
[SourceQuality "1"]

1. e4 e5 2. Bc4 Nf6 3. Nc3 d6 4. d3 Nc6 5. f4 Be6 6. Bxe6 fxe6 7. Nf3 exf4 8. Bxf4 e5 9. Bg5 Be7 10. 0-0 0-0 11. Nh4 h6 12. Bxf6 Bxf6 13. Nf5 Ne7 14. Qg4 Nxf5 15. Rxf5 Kh7 16. Raf1 Qd7 17. Qg3 c6 18. R1f3 Qd8 19. Qf2 Qb6 20. Qxb6 axb6 21. a3 Be7 22. Rxf8 Rxf8 23. Rxf8 Bxf8 24. a4 Kg8 25. Kf2 Kf7 26. Nd1 Ke6 27. c4 d5 28. exd5+ cxd5 29. Nc3 dxc4 30. dxc4 g5 31. g4 Bc5+ 32. Ke2 Bd4 33. Kd3 Bc5 34. Nd5 Bf2 35. Nc3 Bc5 36. b3 Bf2 37. Ne4 Bd4 38. b4 Bg1 39. h3 Bd4 40. Ng3 1-0

[Event "Leverkusen-ch op"]
[Site "Leverkusen"]
[Date "2005.03.21"]
[Round "7"]
[White "Wulfken, Christof"]
[Black "Pejkovic, Patrick Slavko"]
[Result "1/2-1/2"]
[WhiteElo "1896"]
[BlackElo "1958"]
[PlyCount "34"]
[EventDate "2005.01.10"]
[EventType "swiss"]
[EventRounds "9"]
[EventCountry "GER"]
[SourceTitle "EXT 2006"]
[Source "ChessBase"]
[SourceDate "2005.11.24"]
[SourceVersion "1"]
[SourceVersionDate "2005.11.24"]
[SourceQuality "1"]

1. d4 d6 2. Nf3 Nc6 3. c4 Bg4 4. e3 e5 5. d5 Nb8 6. h3 Bd7 7. e4 Be7 8. Nc3 f5 9. exf5 Bxf5 10. Bd3 Qc8 11. Ng5 Bxg5 12. Bxg5 Bxd3 13. Qxd3 Nd7 14. 0-0 Ngf6 15. Bxf6 gxf6 16. Qf5 0-0 17. Ne4 Kg7 1/2-1/2

[Event "Leverkusen-ch op"]
[Site "Leverkusen"]
[Date "2005.02.21"]
[Round "5"]
[White "Gnass, Arno"]
[Black "Pejkovic, Patrick Slavko"]
[Result "0-1"]
[WhiteElo "1731"]
[BlackElo "1962"]
[PlyCount "56"]
[EventDate "2005.01.10"]
[EventType "swiss"]
[EventRounds "9"]
[EventCountry "GER"]
[SourceTitle "EXT 2006"]
[Source "ChessBase"]
[SourceDate "2005.11.24"]
[SourceVersion "1"]
[SourceVersionDate "2005.11.24"]
[SourceQuality "1"]

1. d4 d6 2. c4 e5 3. Nf3 e4 4. Ng5 Be7 5. Nxe4 f5 6. Ng3 Nf6 7. Qc2 Nc6 8. e3 0-0 9. a3 f4 10. Ne2 fxe3 11. Bxe3 Ng4 12. Bf4 Qe8 13. Bg3 Bf5 14. Qd2 Bf6 15. Kd1 Bxd4 16. Nxd4 Nxd4 17. Qxd4 Qa4+ 18. Ke1 Rae8+ 19. Be2 Bxb1 20. Qc3 Bg6 21. Kd2 Nxf2 22. Bxf2 Rxf2 23. Rae1 Bh5 24. g4 Bxg4 25. Rhg1 Rexe2+ 26. Rxe2 Rxe2+ 27. Kd3 Qe8 28. Qd4 Bf5+ 0-1

[Event "Leverkusen op"]
[Site "Leverkusen"]
[Date "2004.02.02"]
[Round "3"]
[White "Pejkovic, Patrick Slavko"]
[Black "Marcks, Martin"]
[Result "0-1"]
[WhiteElo "1910"]
[BlackElo "2222"]
[PlyCount "30"]
[EventDate "2004.01.12"]
[EventType "swiss"]
[EventRounds "9"]
[EventCountry "GER"]
[SourceTitle "EXT 2006"]
[Source "ChessBase"]
[SourceDate "2005.11.24"]
[SourceVersion "1"]
[SourceVersionDate "2005.11.24"]
[SourceQuality "1"]

1. e4 c5 2. Nc3 Nc6 3. Bc4 e6 4. d3 a6 5. a4 Nf6 6. Bg5 h6 7. Bh4 Be7 8. Bg3 d5 9. Ba2 0-0 10. e5 Nd7 11. f4 Qb6 12. Qd2 d4 13. Nd1 Nb4 14. Bc4 Qa5 15. Ra3 Nxc2+ 0-1